Pathways in science : (Record no. 110142)
[ view plain ]
| 000 -LEADER | |
|---|---|
| fixed length control field | 00562nam a2200193 a 4500 |
| 001 - CONTROL NUMBER | |
| control field | 2235 |
| 005 - DATE AND TIME OF LATEST TRANSACTION | |
| control field | 20140414131850.0 |
| 008 - FIXED-LENGTH DATA ELEMENTS--GENERAL INFORMATION | |
| fixed length control field | 001115s19uu xx 00 eng d |
| 020 ## - INTERNATIONAL STANDARD BOOK NUMBER | |
| International Standard Book Number | 0-87065-672-4 |
| 050 ## - LIBRARY OF CONGRESS CALL NUMBER | |
| Classification number | M 550 |
| Item number | Ox2 1982 |
| 100 ## - MAIN ENTRY--PERSONAL NAME | |
| Personal name | Oxenhorn, Joseph M. |
| 245 ## - TITLE STATEMENT | |
| Title | Pathways in science : |
| Remainder of title | earth science, 3 energy and space / |
| Statement of responsibility, etc | Joseph M. Oxenhorn ; edited by Peter Greenleaf. |
| 260 ## - PUBLICATION, DISTRIBUTION, ETC. (IMPRINT) | |
| Place of publication, distribution, etc | New York : |
| Name of publisher, distributor, etc | Globe Book, |
| Date of publication, distribution, etc | 1982. |
| 300 ## - PHYSICAL DESCRIPTION | |
| Extent | 184 p. : ill. ; cm. |
| 650 ## - SUBJECT ADDED ENTRY--TOPICAL TERM | |
| Topical term or geographic name as entry element | Earth science. |
| 650 ## - SUBJECT ADDED ENTRY--TOPICAL TERM | |
| Topical term or geographic name as entry element | Energy. |
| 650 ## - SUBJECT ADDED ENTRY--TOPICAL TERM | |
| Topical term or geographic name as entry element | Space. |
| Withdrawn status | Lost status | Damaged status | Home library | Current library | Shelving location | Date acquired | Source of acquisition | Total Checkouts | Full call number | Barcode | Date last seen | Price effective from | Koha item type |
|---|---|---|---|---|---|---|---|---|---|---|---|---|---|
| Munich Library | Munich Library | Main Section | 05/26/2005 | M 550 Ox2 1982 | M0441 | 04/14/2014 | 04/14/2014 | Books |